The Milton Keynes Intelligence Observatory (Record no. 75136)

MARC details
000 -LEADER
fixed length control field 01381cab a2200193 4500
001 - CONTROL NUMBER
control field L129508
008 - FIXED-LENGTH DATA ELEMENTS--GENERAL INFORMATION
fixed length control field 050426n2005 000 0 eng u
035 ## - SYSTEM CONTROL NUMBER
System control number (Sirsi) u129508
041 ## - LANGUAGE CODE
Language code of text/sound track or separate title eng
100 ## - MAIN ENTRY--PERSONAL NAME
Personal name Errington, Bill
245 #4 - TITLE STATEMENT
Title The Milton Keynes Intelligence Observatory
260 ## - PUBLICATION, DISTRIBUTION, ETC.
Date of publication, distribution, etc. 2005
490 ## - SERIES STATEMENT
Series statement BURISA
Volume/sequential designation (163) March 2005, 4-11(8)
520 ## - SUMMARY, ETC.
Summary, etc. Describes the development of the MKi (Milton Keynes Intelligence) Observatory formally launched in March 2005. The MKi Observatory is a web-based portal, which aims to be a one-stop-shop source of information about Milton Keynes and its surrounding area for use by the public and all local stakeholders and aims to serve the future growth of the city. Partner organisations are the prime providers of the shared data. The site uses the latest mapping and data analysis technologies and provides geosets on planning constraints, location of major facilities, the Milton Keynes local plan and the Milton Keynes primary database of housing proposals and the location and use of non-residential properties. It will provide a host of benefits to the research community concerned with information in an urban and regional context.
590 ## - LOCAL NOTE (RLIN)
Local note IKA290405
690 ## - LOCAL SUBJECT ADDED ENTRY--TOPICAL TERM (OCLC, RLIN)
Topical term or geographic name as entry element ENVIRONMENTAL AND LAND CONSULTANCY-PLANNING AND DEVELOPMENT-PLANNING GUIDANCE-LOCAL DEVELOPMENT PLANS
700 ## - ADDED ENTRY--PERSONAL NAME
Personal name Hassanali, Alefiyah
942 ## - ADDED ENTRY ELEMENTS (KOHA)
Suppress in OPAC 0
Holdings
Withdrawn status Lost status Source of classification or shelving scheme Damaged status Not for loan Home library Current library Shelving location Date acquired Total Checkouts Full call number Barcode Date last seen Copy number Price effective from Koha item type
    Dewey Decimal Classification     London London Journal article 26/04/2005   L129508 129508-1001 06/08/2019 1 06/08/2019 Journal article